[Event "Rodovremesterskabet Gruppe A 2004"]
[Site "Rodovre"]
[Date "2004.08.31"]
[Round "1"]
[White "Hejberg, Carsten"]
[Black "Hojgaard, Knud"]
[Result "0-1"]
[WhiteElo "1905"]
[BlackElo "1929"]
[PlyCount "82"]
[EventDate "2004.??.??"]


1. d4 e6 2. c4 f5 3. g3 Nf6 4. Bg2 Be7 5. Nc3 O-O 6. Nh3 d5 7. cxd5 exd5 8. O-O
c6 9. Nf4 Na6 10. a3 Nc7 11. b4 Ne4 12. Qb3 Nxc3 13. Qxc3 Nb5 14. Qd3 Nc7 15.
Qb3 Kh8 16. Bb2 a6 17. a4 Bd6 18. Nd3 Qe7 19. Rfe1 Rb8 20. Bc1 Ne6 21. Bb2 Bd7
22. b5 axb5 23. axb5 f4 24. Ne5 Nxd4 25. Ng6+ hxg6 26. Bxd4 fxg3 27. hxg3 Be5
28. Rad1 Qf6 29. Bxe5 Qxe5 30. Bf3 g5 31. Qb4 Qf5 32. g4 Qe5 33. Kg2 Kg8 34.
Rd4 Rf4 35. Red1 Rbf8 36. bxc6 bxc6 37. Qc5 Qf6 38. Qa7 Rxf3 39. exf3 Qxf3+ 40.
Kh2 Qxf2+ 41. Kh1 Bxg4 0-1

[Event "Rodovremesterskabet Gruppe A 2004"]
[Site "Rodovre"]
[Date "2004.08.31"]
[Round "1"]
[White "Pedersen, Bent O"]
[Black "Szucs, Gyula"]
[Result "1/2-1/2"]
[WhiteElo "1700"]
[BlackElo "1873"]
[PlyCount "68"]
[EventDate "2004.??.??"]


1. e4 e6 2. d4 d5 3. e5 c5 4. dxc5 Bxc5 5. Qg4 g6 6. Nf3 Qb6 7. Qg3 Nc6 8. Nc3
Nge7 9. Bd3 Nf5 10. Bxf5 exf5 11. Nxd5 Qa5+ 12. Nc3 Be6 13. Bg5 Be7 14. Bxe7
Nxe7 15. Rd1 h6 16. O-O g5 17. Nd4 Bd7 18. Rfe1 O-O-O 19. Qd3 Be6 20. Ncb5 Kb8
21. Nd6 Nc8 22. Nxe6 fxe6 23. c3 Rd7 24. Qc4 Re7 25. b4 Qc7 26. Qd4 Rd7 27. c4
Ne7 28. b5 b6 29. Rc1 Qc5 30. Qd3 Nc8 31. Rcd1 Rhd8 32. Qh3 Nxd6 33. exd6 Rxd6
34. Rxd6 Qxd6 1/2-1/2

[Event "Rodovremesterskabet Gruppe A 2004"]
[Site "Rodovre"]
[Date "2004.08.31"]
[Round "1"]
[White "Rubin, Jacob"]
[Black "Mortensen, Henrik"]
[Result "0-1"]
[WhiteElo "1762"]
[BlackElo "1897"]
[PlyCount "106"]
[EventDate "2004.??.??"]


1. Nf3 c5 2. c4 Nc6 3. Nc3 e5 4. d3 g6 5. Bg5 f6 6. Bd2 Bg7 7. a3 Nge7 8. e4
O-O 9. Qc1 Na5 10. Qc2 d6 11. h3 f5 12. Bg5 h6 13. Bxe7 Qxe7 14. Nd5 Qd8 15.
Be2 Nc6 16. Rb1 a5 17. Qd2 Be6 18. b3 b5 19. cxb5 Bxd5 20. exd5 Ne7 21. Qc2 a4
22. O-O Qa5 23. Qc4 Rfb8 24. b4 cxb4 25. Rxb4 Rc8 26. Qa2 Rab8 27. Rfb1 Qa8 28.
d4 e4 29. Nd2 Kf8 30. b6 Qxd5 31. Qxd5 Nxd5 32. b7 Rc7 33. Ba6 Nxb4 34. Rxb4 d5
35. Rxa4 Ke7 36. Nb3 Rc6 37. Kf1 Rb6 38. Nc5 Kd6 39. Ke2 Bxd4 40. Nb3 Rxb3 41.
Rxd4 Rxa3 42. Bc4 Kc5 43. Rxd5+ Kxc4 44. Rd7 Kc5 45. Rg7 Ra6 46. Rh7 h5 47. g4
hxg4 48. hxg4 f4 49. Rf7 Ra2+ 50. Ke1 f3 51. Re7 Kd5 52. Rd7+ Ke5 53. Re7+ Kf4
0-1

[Event "Rodovremesterskabet Gruppe A 2004"]
[Site "Rodovre"]
[Date "2004.09.07"]
[Round "2"]
[White "Mortensen, Henrik"]
[Black "Hejberg, Carsten"]
[Result "1/2-1/2"]
[WhiteElo "1897"]
[BlackElo "1905"]
[PlyCount "26"]
[EventDate "2004.??.??"]


1. d4 Nf6 2. Nc3 d6 3. e4 c6 4. f4 Qa5 5. Bd3 e5 6. Nf3 Bg4 7. Be3 exf4 8. Bxf4
Qb6 9. Na4 Qa5+ 10. Nc3 Qb6 11. Na4 Qa5+ 12. Nc3 Qb6 13. Na4 Qa5+ 1/2-1/2

[Event "Rodovremesterskabet Gruppe A 2004"]
[Site "Rodovre"]
[Date "2004.09.07"]
[Round "2"]
[White "Szucs, Gyula"]
[Black "Hojgaard, Knud"]
[Result "1/2-1/2"]
[WhiteElo "1873"]
[BlackElo "1929"]
[PlyCount "44"]
[EventDate "2004.??.??"]


1. d4 e6 2. c4 b6 3. Nf3 Bb7 4. e3 f5 5. g3 Nf6 6. Bg2 Bb4+ 7. Bd2 Qe7 8. a3
Bxd2+ 9. Nbxd2 a5 10. b3 O-O 11. O-O d6 12. Qc2 Nbd7 13. Ne1 Bxg2 14. Nxg2 Kh8
15. f4 g6 16. e4 fxe4 17. Nxe4 Nxe4 18. Qxe4 Nf6 19. Qc2 Qd7 20. Rad1 Qc6 21.
Rfe1 Rfe8 22. Qb2 d5 1/2-1/2

[Event "Rodovremesterskabet Gruppe A 2004"]
[Site "Rodovre"]
[Date "2004.09.07"]
[Round "2"]
[White "Pedersen, Bent O"]
[Black "Petersen, Johan"]
[Result "1-0"]
[WhiteElo "1700"]
[BlackElo "1759"]
[PlyCount "81"]
[EventDate "2004.??.??"]


1. e4 d5 2. exd5 Qxd5 3. Nc3 Qa5 4. d4 Nf6 5. Nf3 Bf5 6. Ne5 c6 7. Bd2 e6 8.
Be2 Qb6 9. Nf3 Bd6 10. Na4 Qc7 11. c4 Nbd7 12. O-O O-O 13. Nc3 Rad8 14. Rc1 e5
15. c5 Be7 16. Qa4 exd4 17. Nxd4 Nxc5 18. Qc4 b5 19. Ncxb5 cxb5 20. Nxb5 Qd7
21. Be3 Be6 22. Qc2 Rc8 23. Rfd1 Qb7 24. Nc3 Nd5 25. Bf3 Rfd8 26. Nxd5 Bxd5 27.
Bxd5 Rxd5 28. Rxd5 Qxd5 29. b4 Rd8 30. bxc5 Qh5 31. h3 Qd5 32. Kf1 g6 33. Qb2
Rc8 34. Qc2 Qb7 35. Qc4 Qb2 36. a4 Qa3 37. c6 Rc7 38. Qb5 Bd6 39. Bh6 Bf8 40.
Bf4 Kg7 41. Qe5+ 1-0

[Event "Rodovremesterskabet Gruppe A 2004"]
[Site "Rodovre"]
[Date "2004.10.12"]
[Round "2"]
[White "Hardarson, Gisli"]
[Black "Rubin, Jacob"]
[Result "1-0"]
[WhiteElo "1703"]
[BlackElo "1762"]
[PlyCount "53"]
[EventDate "2004.??.??"]


1. d4 Nf6 2. c4 e6 3. Nf3 c5 4. d5 exd5 5. cxd5 d6 6. Nc3 Be7 7. e4 Nbd7 8. Be2
O-O 9. O-O a6 10. a4 b6 11. h3 Re8 12. Bf4 Bf8 13. Nd2 Bb7 14. g4 Ne5 15. Be3
Ng6 16. g5 Nd7 17. f4 f5 18. Bh5 Qc8 19. Qf3 fxe4 20. Ndxe4 Be7 21. Bg4 Rf8 22.
h4 Nge5 23. Be6+ Nf7 24. Qg4 Rd8 25. Qf5 Bf6 26. gxf6 g6 27. Bxf7+ 1-0

[Event "Rodovremesterskabet Gruppe A 2004"]
[Site "Rodovre"]
[Date "2004.09.14"]
[Round "3"]
[White "Hejberg, Carsten"]
[Black "Hardarson, Gisli"]
[Result "1/2-1/2"]
[WhiteElo "1905"]
[BlackElo "1703"]
[PlyCount "30"]
[EventDate "2004.??.??"]


1. d4 Nf6 2. c4 e6 3. Nc3 Bb4 4. Qb3 Qe7 5. Bg5 O-O 6. e4 h6 7. Bxf6 Bxc3+ 8.
Qxc3 Qxf6 9. Nf3 b6 10. Bd3 Bb7 11. O-O d6 12. Bc2 Nc6 13. a3 e5 14. dxe5 dxe5
15. Rad1 Rad8 1/2-1/2

[Event "Rodovremesterskabet Gruppe A 2004"]
[Site "Rodovre"]
[Date "2004.09.14"]
[Round "3"]
[White "Rubin, Jacob"]
[Black "Pedersen, Bent O"]
[Result "1-0"]
[WhiteElo "1762"]
[BlackElo "1700"]
[PlyCount "57"]
[EventDate "2004.??.??"]


1. Nf3 Nf6 2. d4 g6 3. Nc3 d5 4. Bf4 Bg7 5. e3 O-O 6. Bd3 c6 7. h3 b6 8. a3 Ba6
9. Bxa6 Nxa6 10. Qe2 Nc7 11. Ne5 c5 12. Rd1 Ne6 13. Bh2 cxd4 14. exd4 Rc8 15.
O-O Nd7 16. Nxd5 Nxe5 17. dxe5 Qe8 18. f4 Nc7 19. Nc3 Qc6 20. Kh1 Rfd8 21.
Rxd8+ Rxd8 22. Rd1 Rxd1+ 23. Qxd1 Bf8 24. Qd3 e6 25. Bg3 Be7 26. Ne4 Qd5 27.
Qe2 Kf8 28. Bf2 f5 29. exf6 1-0

[Event "Rodovremesterskabet Gruppe A 2004"]
[Site "Rodovre"]
[Date "2004.09.14"]
[Round "3"]
[White "Hojgaard, Knud"]
[Black "Mortensen, Henrik"]
[Result "0-1"]
[WhiteElo "1929"]
[BlackElo "1897"]
[PlyCount "96"]
[EventDate "2004.??.??"]


1. d4 f5 2. Qd3 d5 3. Bf4 Nf6 4. Nf3 e6 5. c4 c6 6. Nc3 Be7 7. e3 Ne4 8. cxd5
exd5 9. Be2 O-O 10. O-O Nd7 11. Ne5 Ndf6 12. h3 Be6 13. Bh2 Qe8 14. Qd1 Rd8 15.
f3 Nd6 16. g4 Nf7 17. f4 Nd6 18. b3 Nfe4 19. Nxe4 Nxe4 20. Bf3 c5 21. Rc1 b6
22. Qe2 a5 23. Rfd1 a4 24. Qc2 axb3 25. axb3 Bd6 26. Kg2 Ra8 27. Ra1 Qb5 28.
Be2 Qb4 29. Bd3 Rxa1 30. Rxa1 cxd4 31. Bxe4 dxe4 32. exd4 Bxb3 33. Qb2 Rc8 34.
Rc1 Rxc1 35. Qxc1 Qxd4 36. Bg1 Qd5 37. Qc8+ Bf8 38. Bxb6 e3+ 39. Kg3 e2 40. Bf2
Qe6 41. Qb8 Ba4 42. Kf3 fxg4+ 43. hxg4 Bd1 44. Kg2 Qd5+ 45. Kh2 Qd2 46. Nf3
e1=Q 47. Nxe1 Qxf2+ 48. Ng2 Bf3 0-1

[Event "Rodovremesterskabet Gruppe A 2004"]
[Site "Rodovre"]
[Date "2004.09.21"]
[Round "4"]
[White "Szucs, Gyula"]
[Black "Mortensen, Henrik"]
[Result "0-1"]
[WhiteElo "1873"]
[BlackElo "1897"]
[PlyCount "58"]
[EventDate "2004.??.??"]


1. c4 Nf6 2. Nc3 c5 3. g3 e6 4. Bg2 d5 5. cxd5 exd5 6. d3 Nc6 7. e3 Be7 8. Nge2
d4 9. exd4 cxd4 10. Ne4 O-O 11. O-O Bf5 12. a3 Qd7 13. b4 Rad8 14. Nxf6+ Bxf6
15. Bb2 Bg4 16. Qd2 Rfe8 17. Be4 Rxe4 18. dxe4 Bf3 19. Qf4 Bxe2 20. Rfe1 Be5
21. Qf5 Qxf5 22. exf5 d3 23. Bxe5 Nxe5 24. f4 Nf3+ 25. Kf2 Nxe1 26. Kxe1 Rc8
27. Ra2 Rc2 28. Ra1 d2+ 29. Kxe2 Rc1 0-1

[Event "Rodovremesterskabet Gruppe A 2004"]
[Site "Rodovre"]
[Date "2004.09.21"]
[Round "4"]
[White "Pedersen, Bent O"]
[Black "Hejberg, Carsten"]
[Result "0-1"]
[WhiteElo "1700"]
[BlackElo "1905"]
[PlyCount "46"]
[EventDate "2004.??.??"]


1. e4 c6 2. d4 d5 3. e5 Bf5 4. Nc3 e6 5. g4 Bg6 6. Nge2 c5 7. h4 h5 8. Nf4 Bh7
9. Nxh5 cxd4 10. Qxd4 Nc6 11. Bb5 Nge7 12. Bg5 a6 13. Bxc6+ Nxc6 14. Qd2 Nxe5
15. O-O-O f6 16. Qf4 Ng6 17. Bxf6 Nxf4 18. Bxd8 Nxh5 19. Bg5 Nf6 20. Rhe1 Kf7
21. Bxf6 gxf6 22. f4 Bb4 23. Re3 d4 0-1

[Event "Rodovremesterskabet Gruppe A 2004"]
[Site "Rodovre"]
[Date "2004.09.20"]
[Round "4"]
[White "Petersen, Johan"]
[Black "Rubin, Jacob"]
[Result "1/2-1/2"]
[WhiteElo "1759"]
[BlackElo "1762"]
[PlyCount "84"]
[EventDate "2004.??.??"]


1. d4 Nf6 2. Nf3 b6 3. Bg5 Bb7 4. Nbd2 e6 5. e3 Be7 6. Bd3 h6 7. Bh4 d6 8. c3
Nbd7 9. Qc2 Rc8 10. a4 c5 11. Bg3 cxd4 12. exd4 Nh5 13. a5 Nxg3 14. hxg3 Ra8
15. Qa4 O-O 16. a6 Bc8 17. Qc6 Rb8 18. Qe4 Nf6 19. Qe2 Re8 20. O-O Bf8 21. Bc4
Bd7 22. Rfd1 Qc7 23. Bb5 Rbc8 24. Rac1 Bxb5 25. Qxb5 Qe7 26. Re1 Nd5 27. Qd3
Nc7 28. Nh4 Qd7 29. f4 b5 30. c4 b4 31. Ra1 Be7 32. Nhf3 Rb8 33. d5 exd5 34.
cxd5 Bf6 35. Nc4 Rxe1+ 36. Nxe1 Rb5 37. Ra5 Rxa5 38. Nxa5 Qb5 39. Qxb5 Nxb5 40.
Nd3 Bd4+ 41. Kf1 Bb6 42. Nb3 Kf8 1/2-1/2

[Event "Rodovremesterskabet Gruppe A 2004"]
[Site "Rodovre"]
[Date "2004.09.21"]
[Round "4"]
[White "Hardarson, Gisli"]
[Black "Hojgaard, Knud"]
[Result "1/2-1/2"]
[WhiteElo "1703"]
[BlackElo "1929"]
[PlyCount "148"]
[EventDate "2004.??.??"]


1. g3 e6 2. c4 f5 3. Nc3 Nf6 4. Bg2 Be7 5. d4 O-O 6. Qb3 c6 7. Bf4 d5 8. Nf3
Bd6 9. Ne5 Kh8 10. Bf3 dxc4 11. Qxc4 Nd5 12. Nxd5 exd5 13. Qd3 Qe7 14. h4 Nd7
15. Nxd7 Bxd7 16. Bxd6 Qxd6 17. O-O-O b5 18. Kd2 Qb4+ 19. Qc3 a5 20. a3 Qxc3+
21. Kxc3 Rfb8 22. Kb3 g6 23. e3 Kg7 24. Rc1 Kf6 25. Rc5 Ra7 26. Rhc1 Rb6 27.
Be2 h6 28. Rh1 Be8 29. Rcc1 Re7 30. Bf3 Bd7 31. Rc5 Kf7 32. Rcc1 Re8 33. Rc5
Ke7 34. Rhc1 Kd6 35. Bg2 Rbb8 36. Rh1 Rh8 37. Rcc1 Rbf8 38. Ka2 Be6 39. b3 Ra8
40. Kb2 a4 41. b4 Raf8 42. Kc3 Bd7 43. Kd3 Ke6 44. Ke2 Kf6 45. Kf3 Rf7 46. Ke2
Re8 47. Kf3 Rh8 48. Ke2 Re8 49. Kd3 Kg7 50. Bf3 Rf6 51. Kd2 Rff8 52. Kd3 Rd8
53. Rc5 Rh8 54. Rcc1 Kf6 55. Ke2 Rde8 56. Bg2 Re7 57. Rc5 Reh7 58. Rcc1 Ke6 59.
Kf3 Kf6 60. Ke2 Be8 61. Bf3 Bd7 62. Bg2 Ke7 63. Kf3 Kf6 64. Ke2 Be8 65. Bf3 Bd7
66. Bg2 Re7 67. Kd2 Rhe8 68. Kd3 Kg7 69. Rhe1 Kf6 70. Kd2 Rh7 71. Rh1 Reh8 72.
Ke2 Rg8 73. Bf3 Rgh8 74. Kd2 Ke6 1/2-1/2

[Event "Rodovremesterskabet Gruppe A 2004"]
[Site "Rodovre"]
[Date "2004.09.28"]
[Round "5"]
[White "Mortensen, Henrik"]
[Black "Hardarson, Gisli"]
[Result "1-0"]
[WhiteElo "1897"]
[BlackElo "1703"]
[PlyCount "63"]
[EventDate "2004.??.??"]


1. e4 e5 2. Nf3 Nc6 3. d4 exd4 4. Nxd4 Bc5 5. Nb3 Bb6 6. a4 a5 7. Nc3 Nf6 8.
Bd3 d6 9. h3 h6 10. O-O Be6 11. Qe2 Bxb3 12. cxb3 Nd4 13. Qd1 O-O 14. Be3 c6
15. Bc4 Ne6 16. Bxb6 Qxb6 17. Qxd6 Rad8 18. Qg3 Rd2 19. e5 Nh5 20. Qg4 Nhf4 21.
Ne4 Rd4 22. Nd6 Ng6 23. Qe2 Ngf4 24. Qc2 Qc5 25. Rfe1 Ng5 26. Bxf7+ Rxf7 27.
Qxc5 Nfxh3+ 28. gxh3 Nxh3+ 29. Kh2 Rxf2+ 30. Kxh3 Rf3+ 31. Kg2 Rdf4 32. Qc4+
1-0

[Event "Rodovremesterskabet Gruppe A 2004"]
[Site "Rodovre"]
[Date "2004.09.28"]
[Round "5"]
[White "Hejberg, Carsten"]
[Black "Petersen, Johan"]
[Result "1-0"]
[WhiteElo "1905"]
[BlackElo "1759"]
[PlyCount "85"]
[EventDate "2004.??.??"]


1. d4 Nf6 2. c4 c5 3. d5 b5 4. cxb5 a6 5. f3 d6 6. e4 g6 7. Na3 Bg7 8. Ne2 O-O
9. Nc3 Nfd7 10. Be2 Nb6 11. O-O Bd7 12. Qc2 Bd4+ 13. Kh1 Qc7 14. bxa6 Bxc3 15.
bxc3 Nxa6 16. Nb5 Qd8 17. Bh6 Re8 18. c4 Nb4 19. Qc3 f6 20. a3 Na6 21. f4 Nc7
22. Rfb1 Nxb5 23. cxb5 Ra4 24. Bd3 Qa8 25. Bc2 Ra5 26. a4 Kf7 27. h4 Rg8 28. h5
Bg4 29. Bb3 gxh5 30. f5 Rc8 31. Bc2 Qa7 32. Bd2 Ra8 33. Qg3 Rg8 34. Bxa5 Qxa5
35. Qe1 Qa8 36. a5 Nc4 37. b6 Ne5 38. b7 Qa7 39. a6 c4 40. Qg1 Qxg1+ 41. Rxg1
Be2 42. Bd1 Rg4 43. g3 1-0

[Event "Rodovremesterskabet Gruppe A 2004"]
[Site "Rodovre"]
[Date "2004.09.28"]
[Round "5"]
[White "Hojgaard, Knud"]
[Black "Pedersen, Bent O"]
[Result "1/2-1/2"]
[WhiteElo "1929"]
[BlackElo "1700"]
[PlyCount "157"]
[EventDate "2004.??.??"]


1. d4 d5 2. c4 e5 3. dxe5 d4 4. a3 Nc6 5. Nf3 Nge7 6. Nbd2 Ng6 7. Nb3 Ncxe5 8.
Nxe5 Nxe5 9. Qxd4 Bd6 10. c5 Nc6 11. Qd1 Be7 12. Qxd8+ Nxd8 13. Bf4 Ne6 14. Bg3
Bd7 15. e3 Ba4 16. Bc4 Bxb3 17. Bxb3 Nxc5 18. Bc2 O-O-O 19. Bf5+ Kb8 20. O-O g6
21. Bh3 Rd2 22. Be5 Rhd8 23. Bc3 R2d3 24. Bg4 Ne4 25. Be2 R3d7 26. Be5 f6 27.
Bd4 Nd2 28. Rfd1 Nb3 29. Rab1 Nxd4 30. exd4 Rxd4 31. Rxd4 Rxd4 32. Kf1 Kc8 33.
g3 Kd7 34. Bf3 c6 35. Ke1 a5 36. Rc1 Rd3 37. Bd1 f5 38. Ke2 Rd4 39. Bb3 h6 40.
Bf7 g5 41. Bg6 Ke6 42. Rc2 Bf6 43. f3 Rd5 44. Bh7 Kd6 45. a4 f4 46. g4 Bd4 47.
Be4 Rc5 48. Rd2 Rc4 49. b3 Rb4 50. Bh7 Ke5 51. Bg8 b5 52. axb5 cxb5 53. Ra2 Bb6
54. Kd3 Rd4+ 55. Kc2 Kd6 56. Ra1 Kc5 57. Re1 Kb4 58. Re6 Bc5 59. Rxh6 Rd8 60.
Rg6 Be3 61. Rxg5 Rd2+ 62. Kb1 Rxh2 63. Rh5 Rf2 64. Bd5 Kc3 65. Rh1 Rb2+ 66. Ka1
Rc2 67. Rd1 Rb2 68. Bf7 Rf2 69. Bd5 a4 70. bxa4 bxa4 71. Be4 Bd4 72. Rd3+ Kc4+
73. Kb1 Bc5 74. g5 a3 75. Rd1 a2+ 76. Ka1 Bd4+ 77. Rxd4+ Kxd4 78. g6 Rg2 79. --
1/2-1/2

[Event "Rodovremesterskabet Gruppe A 2004"]
[Site "Rodovre"]
[Date "2004.09.28"]
[Round "5"]
[White "Rubin, Jacob"]
[Black "Szucs, Gyula"]
[Result "1/2-1/2"]
[WhiteElo "1762"]
[BlackElo "1873"]
[PlyCount "162"]
[EventDate "2004.??.??"]


1. Nf3 d5 2. d4 e6 3. e3 Nf6 4. Nbd2 Bd6 5. c4 c6 6. Bd3 Nbd7 7. O-O O-O 8. c5
Be7 9. b4 b5 10. a4 bxa4 11. Qxa4 Qc7 12. Bb2 Bb7 13. Rfc1 a6 14. Qc2 g6 15.
Re1 Rfd8 16. Nb3 Rdb8 17. Ne5 Ne8 18. Qe2 f6 19. Nxd7 Qxd7 20. e4 Bf8 21. Bc3
Nc7 22. Na5 Bc8 23. Bd2 Nb5 24. Bxb5 axb5 25. Bf4 e5 26. dxe5 fxe5 27. Bxe5 Bg7
28. Bxg7 Kxg7 29. exd5 cxd5 30. Qe5+ Kf7 31. Rad1 Bb7 32. Nxb7 Rxb7 33. Rxd5
Qe7 34. Qf4+ Qf6 35. Qxf6+ Kxf6 36. c6 Rc7 37. Rc5 Ra4 38. Rb1 Ke6 39. Kf1 Kd6
40. Rd1+ Ke6 41. Rd4 Ra6 42. Rxb5 Rcxc6 43. Ra5 Rab6 44. b5 Rc1+ 45. Ke2 Rb1
46. Re4+ Kf6 47. Rh4 h5 48. Rf4+ Ke5 49. Raa4 R1xb5 50. Rae4+ Kd5 51. Rd4+ Ke5
52. Rfe4+ Kf5 53. g4+ hxg4 54. Rxg4 g5 55. Rg3 Re5+ 56. Kf1 Rbb5 57. Kg2 Kf6
58. Rd6+ Kf7 59. Ra3 Re7 60. Kg3 Rf5 61. f3 Kg7 62. Kg4 Ref7 63. Rd4 Kg6 64. h3
Rf4+ 65. Rxf4 Rxf4+ 66. Kg3 Kh5 67. Ra6 Rb4 68. Rf6 Ra4 69. Re6 Rf4 70. Re4 Rf6
71. h4 gxh4+ 72. Rxh4+ Kg5 73. f4+ Kg6 74. Kg4 Ra6 75. f5+ Kg7 76. Kg5 Ra1 77.
f6+ Kf7 78. Rh7+ Kf8 79. Rh4 Kf7 80. Rf4 Rg1+ 81. Kf5 Ra1 1/2-1/2

[Event "Rodovremesterskabet Gruppe A 2004"]
[Site "Rodovre"]
[Date "2004.10.05"]
[Round "6"]
[White "Pedersen, Bent O"]
[Black "Mortensen, Henrik"]
[Result "0-1"]
[WhiteElo "1700"]
[BlackElo "1897"]
[PlyCount "40"]
[EventDate "2004.??.??"]


1. e4 d5 2. exd5 Qxd5 3. Nc3 Qd6 4. d4 Nf6 5. Nf3 a6 6. Be2 e6 7. Be3 b5 8. a3
Bb7 9. Qd2 Be7 10. O-O O-O 11. Ne5 c5 12. Bf3 Bxf3 13. Nxf3 Nbd7 14. Rad1 Rfd8
15. Rfe1 Rac8 16. Bf4 Qb6 17. d5 Nf8 18. d6 Ng6 19. Nd5 Nxd5 20. dxe7 Ndxe7 0-1

[Event "Rodovremesterskabet Gruppe A 2004"]
[Site "Rodovre"]
[Date "2004.10.05"]
[Round "6"]
[White "Petersen, Johan"]
[Black "Hojgaard, Knud"]
[Result "0-1"]
[WhiteElo "1759"]
[BlackElo "1929"]
[PlyCount "46"]
[EventDate "2004.??.??"]


1. b4 a5 2. b5 Nf6 3. Bb2 d6 4. f4 e5 5. fxe5 dxe5 6. g3 Nbd7 7. c4 Bd6 8. Nc3
b6 9. Bg2 Rb8 10. Ne4 Nxe4 11. Bxe4 Nf6 12. Bc6+ Bd7 13. Bg2 O-O 14. Qc2 Qe7
15. a4 Rfe8 16. e3 Rbd8 17. Ne2 Bc5 18. Qb3 Bg4 19. h3 Bxe2 20. Kxe2 Nh5 21.
Bc6 Nxg3+ 22. Kf3 Nxh1 23. Bxe8 Qf6+ 0-1

[Event "Rodovremesterskabet Gruppe A 2004"]
[Site "Rodovre"]
[Date "2004.10.05"]
[Round "6"]
[White "Rubin, Jacob"]
[Black "Hejberg, Carsten"]
[Result "0-1"]
[WhiteElo "1762"]
[BlackElo "1905"]
[PlyCount "84"]
[EventDate "2004.??.??"]


1. Nf3 Nf6 2. d4 g6 3. Nc3 Bg7 4. e4 d6 5. Be3 O-O 6. h3 c6 7. Be2 Nbd7 8. Qd2
e5 9. dxe5 dxe5 10. Bh6 Qc7 11. Bxg7 Kxg7 12. O-O Nc5 13. Qe3 Ne6 14. Bc4 b5
15. Bxe6 Bxe6 16. Qc5 Nd7 17. Qe3 b4 18. Na4 c5 19. b3 f6 20. c4 Rac8 21. Nb2
Rf7 22. Nd3 Nf8 23. a3 bxa3 24. Rxa3 Qb6 25. Nd2 Rd7 26. Nf3 Bf7 27. g4 g5 28.
h4 h6 29. hxg5 hxg5 30. Rfa1 Ne6 31. Ndxe5 fxe5 32. Nxg5 Nf4 33. Qe1 Qg6 34.
Ra6 Qxg5 35. f3 Rh8 36. R1a2 Qh4 37. Qxh4 Rxh4 38. Kf2 Rh2+ 39. Kg3 Rxa2 40.
Rxa2 Rb7 41. Kh4 Rxb3 42. Rxa7 Rxf3 0-1

[Event "Rodovremesterskabet Gruppe A 2004"]
[Site "Rodovre"]
[Date "2004.10.05"]
[Round "6"]
[White "Szucs, Gyula"]
[Black "Hardarson, Gisli"]
[Result "1/2-1/2"]
[WhiteElo "1873"]
[BlackElo "1703"]
[PlyCount "63"]
[EventDate "2004.??.??"]


1. d4 Nf6 2. Nf3 b6 3. g3 Bb7 4. Bg2 d5 5. Nbd2 c5 6. dxc5 bxc5 7. c3 Qc7 8.
Nb3 e5 9. O-O c4 10. Nbd2 Bc5 11. b3 e4 12. Nd4 Nc6 13. Nxc6 Qxc6 14. h3 e3 15.
fxe3 Bxe3+ 16. Kh2 Ng4+ 17. hxg4 h5 18. g5 h4 19. g4 Qc7+ 20. Kh1 d4 21. Bxb7
Qxb7+ 22. Nf3 O-O-O 23. Qc2 d3 24. exd3 cxd3 25. Qg2 h3 26. Qg3 d2 27. Bb2 Qe4
28. c4 Bf4 29. Qf2 Be3 30. Qg3 Bf4 31. Qf2 Be3 32. Qg3 1/2-1/2

[Event "Rodovremesterskabet Gruppe A 2004"]
[Site "Rodovre"]
[Date "2004.10.19"]
[Round "7"]
[White "Mortensen, Henrik"]
[Black "Petersen, Johan"]
[Result "1/2-1/2"]
[WhiteElo "1897"]
[BlackElo "1759"]
[PlyCount "21"]
[EventDate "2004.??.??"]


1. d4 Nf6 2. Nf3 c5 3. e3 g6 4. Bd3 Bg7 5. O-O O-O 6. b3 cxd4 7. exd4 b6 8. Bb2
d6 9. c4 Bb7 10. Nbd2 Nbd7 11. Re1 1/2-1/2

[Event "Rodovremesterskabet Gruppe A 2004"]
[Site "Rodovre"]
[Date "2004.10.19"]
[Round "7"]
[White "Hardarson, Gisli"]
[Black "Pedersen, Bent O"]
[Result "1/2-1/2"]
[WhiteElo "1703"]
[BlackElo "1700"]
[PlyCount "41"]
[EventDate "2004.??.??"]


1. d4 Nf6 2. c4 c5 3. d5 e6 4. Nc3 exd5 5. cxd5 d6 6. e4 g6 7. Be2 Bg7 8. Bg5
O-O 9. Nf3 Bg4 10. h3 Bxf3 11. Bxf3 h6 12. Be3 Nbd7 13. O-O a6 14. a4 Ne5 15.
Be2 Re8 16. f4 Ned7 17. Qc2 Rb8 18. g4 Nh7 19. Rf3 g5 20. Raf1 Qe7 21. Bd3
1/2-1/2

[Event "Rodovremesterskabet Gruppe A 2004"]
[Site "Rodovre"]
[Date "2004.10.19"]
[Round "7"]
[White "Hejberg, Carsten"]
[Black "Szucs, Gyula"]
[Result "1/2-1/2"]
[WhiteElo "1905"]
[BlackElo "1873"]
[PlyCount "56"]
[EventDate "2004.??.??"]


1. d4 e6 2. Nf3 Nf6 3. Bg5 Be7 4. Nbd2 Nd5 5. Bxe7 Qxe7 6. e3 Nf6 7. Bd3 d5 8.
O-O Nbd7 9. c4 dxc4 10. Nxc4 O-O 11. Rc1 c6 12. Qc2 g6 13. Nce5 Nd5 14. a3 f6
15. Nc4 N7b6 16. b4 Nxc4 17. Bxc4 Nb6 18. Bb3 Bd7 19. Qc5 Kf7 20. e4 Rad8 21.
Rfd1 Qxc5 22. dxc5 Na8 23. Rd6 Nc7 24. Rcd1 Ke7 25. Bc4 e5 26. h3 Be6 27. Be2
Bb3 28. R1d2 Ba4 1/2-1/2

[Event "Rodovremesterskabet Gruppe A 2004"]
[Site "Rodovre"]
[Date "2004.10.19"]
[Round "7"]
[White "Hojgaard, Knud"]
[Black "Rubin, Jacob"]
[Result "1-0"]
[WhiteElo "1929"]
[BlackElo "1762"]
[PlyCount "158"]
[EventDate "2004.??.??"]


1. d4 Nf6 2. c4 e6 3. Nc3 d5 4. cxd5 exd5 5. Bg5 Be7 6. e3 h6 7. Bh4 c6 8. Qc2
O-O 9. Bd3 Nh5 10. Bxe7 Qxe7 11. Nge2 Re8 12. h3 b5 13. a3 Qg5 14. g4 Nf6 15.
O-O-O Nfd7 16. Kb1 Qe7 17. e4 dxe4 18. Nxe4 b4 19. axb4 Na6 20. N2g3 Nxb4 21.
Qc3 Nxd3 22. Rxd3 Nb6 23. Nc5 Nd5 24. Qd2 Qf6 25. Nh5 Qe7 26. Ng3 a5 27. Ra3
Qc7 28. Re1 Rxe1+ 29. Qxe1 Qd8 30. Qe5 Ra7 31. Nh5 f6 32. Qe1 Qe7 33. Qd2 Qd8
34. Ng3 Nb6 35. Qc3 Nd5 36. Qd2 Qb6 37. Nge4 Qd8 38. Ng3 Nb4 39. Re3 Re7 40.
Qe2 Rxe3 41. Qxe3 Qf8 42. f4 Qf7 43. Qb3 Nd5 44. f5 Qc7 45. Nge4 Kh7 46. Ka2 h5
47. Ka3 Kh6 48. Qd3 Qe7 49. Qd2+ Kh7 50. Qh2 Nb6 51. Qe2 Qd8 52. Qf2 hxg4 53.
hxg4 Qd5 54. b3 a4 55. Nc3 Qd6 56. N3xa4 Nxa4 57. Kxa4 Qb8 58. Ka3 Qd6 59. Kb2
Kg8 60. Kc3 Qd5 61. Qe3 Qd8 62. b4 Kh7 63. Ne6 Bxe6 64. Qxe6 Qc7 65. Qe3 Qd6
66. Qh3+ Kg8 67. Qf3 Qd7 68. Kc4 Qf7+ 69. Kc5 Qa7+ 70. Kc4 Qa2+ 71. Qb3 Qe2+
72. Kc5+ Kh7 73. Qh3+ Kg8 74. Qb3+ Kf8 75. Kxc6 Qe4+ 76. Kc5 Qxg4 77. Qd3 Qf4
78. Kc4 Qc7+ 79. Kb3 Qb6 1-0